Moc ako nástroj riadenia pracovnej skupiny diplomová práca

Guardado en:
Detalles Bibliográficos
Autor principal: Košová, Silvia
Autor Corporativo: Fakulta podnikového manažmentu EU. Katedra manažmentu
Otros Autores: Záležáková, Eliška
Formato: Libro
Lenguaje:eslovaco
Publicado: Bratislava 2010
Etiquetas: Agregar Etiqueta
Sin Etiquetas, Sea el primero en etiquetar este registro!

MARC

LEADER 00000nam a2200000 4500
001 0119781
005 20240318122728.2
041 0 |a slo 
044 |a SK 
245 1 0 |a Moc ako nástroj riadenia pracovnej skupiny  |b diplomová práca  |c Silvia Košová ; škol. Eliška Záležáková 
264 1 |a Bratislava  |c 2010 
100 1 |a Košová, Silvia 
700 1 |a Záležáková, Eliška 
710 2 |a Fakulta podnikového manažmentu EU. Katedra manažmentu